000 00918nam a22002417a 4500
003 UA-OsUOA
001 51422
007 ta
008 20140904b un ||||| |||| 00| 0 ukr d
100 _aМишко Д.
090 _a94(477).03
_bМ71
942 _cBK
040 _aUA-OsUOA
_bukr
_cUA-OsUOA
_dUA-OsUOA
245 _aСоціально-економічні умови формування української народності (становище селян і антифеодальні рухи на Україні в XV - першій половині XVI ст.)
300 _a291 с.
955 _a1
041 _aukr
080 _a94(477).03
260 _aК.
_bНаукова думка
_c1963
650 7 _a9 Географія. Біографії. Історія
_2UDC
999 _c431554
_d431554